|
|
|
|
| LEADER |
01459cam a2200349 a 4500 |
| 001 |
AAL8653 |
| 003 |
BD-DhAAL |
| 005 |
20160717104150.0 |
| 008 |
111208s2012 nyu 000 1 eng |
| 010 |
|
|
|a 2011046558
|
| 020 |
|
|
|a 9781250000972
|
| 020 |
|
|
|a 9781429949033 (ebook)
|
| 020 |
|
|
|a 9781447209225
|
| 040 |
|
|
|a DLC
|c DLC
|d DLC
|d BD-DhAAL
|
| 050 |
0 |
0 |
|a PR6051.R285
|b S56 2012
|
| 082 |
0 |
0 |
|a 823/.914
|2 23
|
| 100 |
1 |
|
|a Archer, Jeffrey,
|d 1940-
|9 19917
|
| 245 |
1 |
4 |
|a The sins of the father /
|c Jeffrey Archer.
|
| 260 |
|
|
|a London :
|b Pan Books,
|b St. Martin's Press,
|c 2012.
|
| 300 |
|
|
|a 383 p. ;
|c 22 cm.
|
| 490 |
0 |
|
|a The Clifton chronicles ;
|v v. 2
|
| 541 |
|
|
|e 8653
|
| 650 |
|
0 |
|a Families
|z England
|x History
|y 20th century
|v Fiction.
|9 19918
|
| 650 |
|
0 |
|a World War, 1939-1945
|v Fiction.
|9 19919
|
| 650 |
|
0 |
|a Family secrets
|v Fiction.
|9 19920
|
| 650 |
|
0 |
|a British
|z United States
|x History
|y 20th century
|v Fiction.
|9 19921
|
| 655 |
|
7 |
|a Historical fiction.
|2 gsafd
|9 19922
|
| 852 |
|
|
|a Savar Campus Library
|c General Shelf
|
| 942 |
|
|
|2 ddc
|c BK
|
| 999 |
|
|
|c 37668
|d 37668
|
| 952 |
|
|
|0 0
|1 0
|2 ddc
|4 0
|6 823_000000000000000__914_ARC
|7 0
|9 59293
|a SCL
|b SCL
|c GEN
|d 2016-07-17
|e Fency Book House
|g 270.00
|l 8
|m 56
|o 823.914 ARC
|p 3020008653
|r 2020-03-02
|s 2020-01-16
|t 1
|w 2016-07-17
|y BK
|
| 952 |
|
|
|0 0
|1 0
|2 ddc
|4 0
|6 823_000000000000000__914_ARC
|7 0
|9 59466
|a SCL
|b SCL
|c GEN
|d 2016-07-27
|e Fency Book House
|g 270.00
|l 8
|m 39
|o 823.914 ARC
|p 3020008654
|r 2019-12-10
|s 2019-09-23
|t 2
|w 2016-07-27
|y BK
|